000 01342nam0a22002531 4500
001 rc\3718153
005 20260407163803.0
035 _a(NLR Aleph) 007772228
090 _a7479705
_c7479705
100 _a20130115a19709999|||y0rusy50 ca
101 0 _arus
102 _aRU
105 _ay z |||||
200 1 _aОбзор технико-экономических показателей тепловых электростанций энергосистем Главцентрэнерго
_fМ-во энергетики и электрификации СССР. Гл. упр. по эксплуатации энергосистем Центра Главцентрэнерго. Упр. Мосэнерго
210 _aМосква
_cБ. и.
_d1970-
309 _aОтпеч. множит. аппаратом
333 _aДля служебного пользования
710 0 1 _aСССР
_bГлавное упр. электростанций и сетей центра
_3RU\NLR\AUTH\8810102729
_9706084
801 0 _aRU
_bNLR
_gpsbo
801 1 _aRU
_bELAR
_2rusmarc
830 _aПеречень имеющихся в библиотеке томов, номеров, годов этого издания смотри в каталоге периодических изданий
852 _aNLR
_jП22/3115
942 _cBOOK
980 _aNB